00571nam a2200181Ia 4500003000900000008004100009020001800050040001600068080001800084100001900102245008300121260003300204300001500237490005500252650004100307650001900348650002200367IN-BaIIA211028s9999 xx 000 0 eng d a0-08-023053-9 cIIA Library a524.3-52bRED aReddish, V. C. 0aStellar formationcV. C. Reddish  aOxfordbPergamon Pressc1978 axii, 287p. aInternational series in natural philosophy;vol. 97 aAstronomy and astrophysics thesaurus aStar formation aStellar evolution